LEADER 01033nam a2200217 i 4500 001 000000225896 003 CaOOAMICUS 005 20131220000000.0 008 131220s1926 it u000 u mul u 013 $a204798 040 $aSeMil$bita 100 1 $aValente, Ferruccio.$0(OLS)http://semarc/name/60301 245 10$aGrammatica Hebraica :$ba punctis massorethicis libera cui accredit chrestomathia et glossarium /$cFerrutius Valente. 250 $aEditio secunda latina. 260 $aTorino :$bSocietà Editrice Internazionale,$c1926. 300 $aXVI, 156 p. ;$c23 cm. 650 4$aLingua ebraica - Dizionari, glossari, grammatica, sintassi etc.$0(OLS)http://semarc/subject/2142 850 $aSeMil 852 $aSeMil$W1$xVenegono$y1$m2W III 100$j176242$B176242$CSeMilBibl$Z2$F186803 $81 996 $6245$aGrammatica Hebraica :$ba punctis massorethicis libera cui accredit chrestomathia et glossarium$9(OLS)http://semarc/title/323518 996 $6260$aTorino :$bSocietà Editrice Internazionale$9(OLS)http://semarc/publisher/29847 LEADER 00979nam a2200217 i 4500 001 000000188956 003 CaOOAMICUS 005 20100426000000.0 008 100426s1921 it u000 u ita u 013 $a167192 040 $aSeMil$bita 100 1 $aTroisi, Domenico M.$0(OLS)http://semarc/name/69196 245 13$aUn apostolo domenicano P. Lodovico M. Calco (1669-1709) /$cP. Domenico M. Troisi Domenicano. 260 $aRoma :$bPostulazione Generale dei Domenicani,$c1921. 300 $aVII, 164 p., [1] p. di ritratto ;$c19 cm. 500 $aContiene : Appendice. 600 14$aCalco, Ludovico Maria .$0(OLS)http://semarc/subject/2598 850 $aSeMil 852 $aSeMil$W1$xVenegono$y1$m3H III 101$j139591$B139591$CSeMilBibl$Z2$F151204 $81 996 $6245$aUn apostolo domenicano P. Lodovico M. Calco (1669-1709)$9(OLS)http://semarc/title/272029 996 $6260$aRoma :$bPostulazione Generale dei Domenicani$9(OLS)http://semarc/publisher/50116